Mainstreaming climate change adaptation into development planning (Record no. 290895)

MARC details
000 -LEADER
fixed length control field 00538nam a22001937a 4500
003 - CONTROL NUMBER IDENTIFIER
control field OSt
082 ## - DEWEY DECIMAL CLASSIFICATION NUMBER
Classification number NIAEPR/PP 32
100 ## - MAIN ENTRY--PERSONAL NAME
Personal name Navven, P Singh
245 ## - TITLE STATEMENT
Title Mainstreaming climate change adaptation into development planning
260 ## - PUBLICATION, DISTRIBUTION, ETC. (IMPRINT)
Place of publication, distribution, etc New delhi
Name of publisher, distributor, etc National institute of agricultural economics and policy research
Date of publication, distribution, etc 2017
300 ## - PHYSICAL DESCRIPTION
Extent 40p.
546 ## - LANGUAGE
Language note English
700 ## - ADDED ENTRY--PERSONAL NAME
Personal name Arathy Ashok
700 ## - ADDED ENTRY--PERSONAL NAME
Personal name Pavithra, S
700 ## - ADDED ENTRY--PERSONAL NAME
Personal name Balaji, S J
700 ## - ADDED ENTRY--PERSONAL NAME
Personal name Bhawna Anand
700 ## - ADDED ENTRY--PERSONAL NAME
Personal name Mohd Arshad Khan, etc.
942 ## - ADDED ENTRY ELEMENTS (KOHA)
Source of classification or shelving scheme Dewey Decimal Classification
Koha item type Report
Holdings
Lost status Source of classification or shelving scheme Damaged status Not for loan Home library Current library Shelving location Date acquired Total Checkouts Full call number Barcode Date last seen Koha item type
  Dewey Decimal Classification   Not For Loan KAU Central Library, Thrissur KAU Central Library, Thrissur Technical Processing Division 18/12/2023   NIAEPR/PP 32 812708 18/12/2023 Report
Kerala Agricultural University Central Library
Thrissur-(Dt.), Kerala Pin:- 680656, India
Ph : (+91)(487) 2372219
E-mail: librarian@kau.in
Website: http://library.kau.in/